अधिगम एवं शिक्षण (Record no. 17146)
[ view plain ]
| 000 -LEADER | |
|---|---|
| fixed length control field | 00316nam a22001337a 4500 |
| 003 - CONTROL NUMBER IDENTIFIER | |
| control field | SGT |
| 020 ## - INTERNATIONAL STANDARD BOOK NUMBER | |
| International Standard Book Number | 93-85960-58-X |
| 082 ## - DEWEY DECIMAL CLASSIFICATION NUMBER | |
| Classification number | 370 |
| Item number | BHA |
| 100 ## - MAIN ENTRY--PERSONAL NAME | |
| Personal name | कांत, भटनागर |
| 245 ## - TITLE STATEMENT | |
| Title | अधिगम एवं शिक्षण |
| 260 ## - PUBLICATION, DISTRIBUTION, ETC. (IMPRINT) | |
| Place of publication, distribution, etc | U.P. |
| Name of publisher, distributor, etc | R.LALL |
| Year of Publication | 2016 |
| 300 ## - PAGE DESCRIPTION | |
| No. of Pages | 520 |
| 942 ## - ADDED ENTRY ELEMENTS (KOHA) | |
| Source of classification or shelving scheme | Dewey Decimal Classification |
| Koha item type | Books |
| Withdrawn status | Lost status | Source of classification or shelving scheme | Damaged status | Not for loan | Collection code | Home library | Current library | Shelving location | Date acquired | Vendor Name | Cost, normal purchase price | SGTU | Bill Number | Total Checkouts | Full call number | Accession No. (Barcode) | Date last seen | Date last borrowed | Bill Date | Koha item type |
|---|---|---|---|---|---|---|---|---|---|---|---|---|---|---|---|---|---|---|---|---|
| Dewey Decimal Classification | EDUCATION | SGT Engineering Library | SGT Engineering Library | Text Book | 20/03/2019 | ABC | 300.00 | SGTU | 118 | 2 | 370 BHA | ED3350 | 06/09/2021 | 25/08/2021 | Books | |||||
| Dewey Decimal Classification | EDUCATION | SGT Engineering Library | SGT Engineering Library | Text Book | 20/03/2019 | ABC | 300.00 | SGTU | 118 | 4 | 370 BHA | ED3351 | 13/09/2021 | 27/08/2021 | Books | |||||
| Dewey Decimal Classification | EDUCATION | SGT Engineering Library | SGT Engineering Library | Text Book | 20/03/2019 | ABC | 300.00 | SGTU | 118 | 1 | 370 BHA | ED3352 | 10/05/2019 | 22/04/2019 | Books | |||||
| Dewey Decimal Classification | EDUCATION | SGT Engineering Library | SGT Engineering Library | Text Book | 20/03/2019 | ABC | 300.00 | SGTU | 118 | 2 | 370 BHA | ED3353 | 30/04/2019 | 17/04/2019 | Books | |||||
| Dewey Decimal Classification | EDUCATION | SGT Engineering Library | SGT Engineering Library | Text Book | 20/03/2019 | ABC | 300.00 | SGTU | 118 | 2 | 370 BHA | ED3354 | 10/05/2019 | 04/05/2019 | Books |